000 00428nam a2200181Ia 4500
001 886
005 20260306140551.0
008 260306t2012||||xx |||||||||||||| ||spa||
041 _aESP
082 _a172
_bA77
100 _aArrieta de Guzmán, Teresa (ed.)
_eAUT
245 0 _aÉtica, género y política
260 _c2012
300 _a231 páginas :
_c21cm.
650 _aGEN
654 _aCHU
942 _cLIB
_dJUS
_fJUS
_2ddc
_n
999 _c886
_d886